|
|
|
|
| LEADER |
00000nab a2200000 ar4500 |
| 001 |
vtls009353762 |
| 003 |
SK-MaSNL |
| 005 |
20260318132632.0 |
| 008 |
081028c20081011xo ||||||o| 000 b|hun |
| 015 |
|
|
|a SNBRB2008/10
|2 snkbucl
|
| 038 |
|
|
|a SNKBUCL
|
| 040 |
|
|
|a DSZK
|b slo
|c DSZK
|e AACR2
|
| 041 |
0 |
|
|a hun
|
| 044 |
|
|
|a xo
|c SK
|
| 080 |
|
|
|a 94(470)-051
|x "18/19"
|x (092)
|x (048)
|2 1997
|
| 080 |
|
|
|a 32-051
|x (092)
|x (048)
|2 1997
|
| 080 |
|
|
|a 929 Lenin, Vladimir Iľjič
|2 1997
|
| 080 |
|
|
|a 94(47+57)-051
|x "18/19"
|x (092)
|x (048)
|2 1997
|
| 100 |
1 |
|
|a Galo, Vilmos
|4 aut
|9 340959
|
| 245 |
1 |
0 |
|a A Tamás bátya kunyhójától a szocializmusig
|c Galo Vilmos
|
| 300 |
|
|
|b Fotogr.
|
| 600 |
1 |
7 |
|a Lenin, Vladimir Iľjič,
|d 1870-1924
|2 snkbucl
|9 101472
|
| 650 |
0 |
7 |
|a biografie
|2 snkbucl
|9 111226
|
| 655 |
|
7 |
|a recenzie
|2 snkbucl
|9 21907
|
| 740 |
0 |
2 |
|a Egy forradalmár életrajza
|
| 773 |
0 |
|
|t Új szó
|g Évf. 61, sz. 236 (11.10.2008), o. 13
|x 1335-7050
|
| 773 |
0 |
8 |
|i Mell.:
|t Szalon
|g Évf. 2, sz. 40 (2008)
|
| 787 |
0 |
8 |
|i Rec.:
|a Service, Robert, 1947-
|t Lenin : egy forradalmár életrajza
|d Budapest : Park, 2007
|
| 852 |
|
|
|a SNK
|b KIS3GCP
|
| 852 |
|
|
|a DSZK
|b KIS3GCP
|
| 958 |
|
|
|a HU
|
| 958 |
|
|
|a RU
|
| 958 |
|
|
|a BC
|
| 958 |
|
|
|a RC
|
| 999 |
|
|
|c 2140481
|d 2142411
|